Statistiques concernant Nom des Habitants - Pays d'Europe

Cliquez ici pour prendre le quiz!

Statistiques générales

  • Ce quiz a été pris 520 fois
  • Le résultat moyen est 35 sur 45

Réponses sur la Carte

Les réponses sont colorées sur une échelle allant du rouge au vert en fonction du pourcentage des utilisateurs qui les ont devinées à leur premier essai. Vous pouvez retrouver ces pourcentages ci-dessous.
 

Statistiques - réponses

Pays% Correct
Francais
99%
Portugais
98%
Britanniques
96%
Irlandais
95%
Suédois
95%
Allemands
94%
Belges
94%
Italiens
94%
Polonais
94%
Espagnols
93%
Finlandais
93%
Norvégiens
93%
Russes
93%
Suisses
93%
Ukrainiens
92%
Islandais
91%
Danois
89%
Autrichiens
88%
Roumains
88%
Luxembourgeois
87%
Néerlandais
87%
Croates
86%
Estoniens
85%
Grecs
85%
Biélorusses
83%
Lituaniens
83%
Bulgares
82%
Hongrois
82%
Slovaques
82%
Tchèques
82%
Serbes
80%
Albanais
77%
Bosniens
75%
Monegasques
75%
Moldaves
73%
Slovènes
73%
Lettons
68%
Macédoniens
65%
Maltais
62%
Kosovars
44%
Monténégrins
32%
Andorrans
24%
Liechtensteinois
23%
Saint-Marinais
19%
Vaticanes
7%

Distribution des résultats

Percentile par nombre de réponses

% des personnes avec chaque résultat

Votre développement - résultats

Vous n’avez pas pris ce quiz